000
00317 a2200133 4500
000
nam a22 7a 4500
100
_a
K R Mathur
110
_a
K R Mathur
245
_a
Advanced Project Management Skills
250
_a
latest edition
260
_b
Shree Niwas
_c
2026
264
_b
Shree Niwas
_c
2026
942
_c
BK
999
_c
397006
_d
397006